Environmental design (Record no. 101083)

MARC details
000 -LEADER
fixed length control field 00614cam a22002055a 4500
008 - FIXED-LENGTH DATA ELEMENTS--GENERAL INFORMATION
fixed length control field 010109s1999 xxkd f u 000 0 eng d
020 ## - INTERNATIONAL STANDARD BOOK NUMBER
International Standard Book Number 0900953969
035 ## - SYSTEM CONTROL NUMBER
System control number (Sirsi) u110272
050 04 - LIBRARY OF CONGRESS CALL NUMBER
Classification number 697 $2 18
110 2# - MAIN ENTRY--CORPORATE NAME
Corporate name or jurisdiction name as entry element Chartered Institution of Building Services Engineers
9 (RLIN) 2360
245 00 - TITLE STATEMENT
Title Environmental design
Remainder of title CIBSE guide A
260 ## - PUBLICATION, DISTRIBUTION, ETC.
Place of publication, distribution, etc. London
Name of publisher, distributor, etc. CIBSE
Date of publication, distribution, etc. 1999
300 ## - PHYSICAL DESCRIPTION
Extent 1v.
Type of unit various pagings
Other physical details ill.
Dimensions 30cm.
350 ## - PRICE (NR) (BK AM CF MU VM SE) [OBSOLETE]
Price 110
490 ## - SERIES STATEMENT
Series statement CIBSE Guide
Volume/sequential designation A
590 ## - LOCAL NOTE (RLIN)
Local note Superseded by seventh edition (ISBN 1903287669).
651 #4 - SUBJECT ADDED ENTRY--GEOGRAPHIC NAME
Geographic name United Kingdom
Chronological subdivision
690 ## - LOCAL SUBJECT ADDED ENTRY--TOPICAL TERM (OCLC, RLIN)
Topical term or geographic name as entry element Block management
9 (RLIN) 6220
942 ## - ADDED ENTRY ELEMENTS (KOHA)
Suppress in OPAC 0
Holdings
Withdrawn status Lost status Source of classification or shelving scheme Damaged status Not for loan Home library Current library Shelving location Date acquired Cost, normal purchase price Total Checkouts Full call number Barcode Date last seen Date last checked out Copy number Cost, replacement price Price effective from Koha item type
    Dewey Decimal Classification     London London Basement 15/05/2002 93.50 13 SHELF 113 30065849 06/08/2019 04/09/2008 1 93.50 06/08/2019 Book